Studying bilinguals
Includes bibliographical references (p. [291]-307) and index; Partial contents: Part V. Biculturalism, bilingualism, and deafness. The bicultural person: a short introduction -- The bilingualism and biculturalism of the deaf
Сохранить в:
| Главный автор: | |
|---|---|
| Формат: | |
| Язык: | Undetermined |
| Опубликовано: |
Oxford
Oxford University
2008
|
| Предметы: | |
| Online-ссылка: | http://lrc.tdmu.edu.vn/opac/search/detail.asp?aID=2&ID=25018 |
| Метки: |
Добавить метку
Нет меток, Требуется 1-ая метка записи!
|
| Thư viện lưu trữ: | Trung tâm Học liệu Trường Đại học Thủ Dầu Một |
|---|
| LEADER | 00810nam a2200205Ia 4500 | ||
|---|---|---|---|
| 001 | TDMU_25018 | ||
| 008 | 210410s9999 xx 000 0 und d | ||
| 082 | |a 404.2 | ||
| 090 | |b GR434 | ||
| 100 | |a Grosjean, Francois | ||
| 245 | 0 | |a Studying bilinguals | |
| 245 | 0 | |c Francois Grosjean | |
| 260 | |a Oxford | ||
| 260 | |b Oxford University | ||
| 260 | |c 2008 | ||
| 300 | |a vii, 314 p. | ||
| 520 | |a Includes bibliographical references (p. [291]-307) and index; Partial contents: Part V. Biculturalism, bilingualism, and deafness. The bicultural person: a short introduction -- The bilingualism and biculturalism of the deaf | ||
| 650 | |a Bilingualism; Song ngữ | ||
| 856 | |u http://lrc.tdmu.edu.vn/opac/search/detail.asp?aID=2&ID=25018 | ||
| 980 | |a Trung tâm Học liệu Trường Đại học Thủ Dầu Một | ||